Sociological dimensions of Indian education / (Record no. 126593)

MARC details
000 -LEADER
fixed length control field 00728nam a22002297a 4500
005 - DATE AND TIME OF LATEST TRANSACTION
control field 20170124110012.0
010 ## - LIBRARY OF CONGRESS CONTROL NUMBER
LC control number 661447
020 ## - INTERNATIONAL STANDARD BOOK NUMBER
Terms of availability 12.50
035 ## - SYSTEM CONTROL NUMBER
System control number 661447
037 ## - SOURCE OF ACQUISITION
Source of stock number/acquisition Cen Lib/Ret
040 ## - CATALOGING SOURCE
Original cataloging agency DPL
Language of cataloging EN
082 ## - DEWEY DECIMAL CLASSIFICATION NUMBER
Classification number 370.190954
Item number SAL
100 ## - MAIN ENTRY--PERSONAL NAME
Personal name Salamatullah
9 (RLIN) 17926
245 ## - TITLE STATEMENT
Title Sociological dimensions of Indian education /
Statement of responsibility, etc by Salamatullah [and] S. P. Ruhela
260 ## - PUBLICATION, DISTRIBUTION, ETC. (IMPRINT)
Place of publication, distribution, etc New Delhi
Name of publisher, distributor, etc Raaj Prakashan
Date of publication, distribution, etc 1971
270 ## - ADDRESS
Address 1, Bangalimal Market
City New Delhi
Postal code 110001
300 ## - PHYSICAL DESCRIPTION
Extent xiii,159p.
Dimensions 21cm(Hb)
650 ## - SUBJECT ADDED ENTRY--TOPICAL TERM
Topical term or geographic name as entry element Educational sociology -- India -- Congresses
9 (RLIN) 17927
650 ## - SUBJECT ADDED ENTRY--TOPICAL TERM
Topical term or geographic name as entry element Educational sociology
9 (RLIN) 17928
700 ## - ADDED ENTRY--PERSONAL NAME
Personal name Ruhela, S. P.
9 (RLIN) 10284
942 ## - ADDED ENTRY ELEMENTS (KOHA)
Source of classification or shelving scheme Dewey Decimal Classification
Koha item type English Books
Classification part 370.190954
Call number suffix SAL
Holdings
Withdrawn status Lost status Damaged status Not for loan Home library Current library Date acquired Source of acquisition Cost, normal purchase price Total Checkouts Full call number Barcode Date last seen Copy number Cost, replacement price Price effective from Koha item type Public note
Written off       Central Library Central Library 25/06/2015 Cen Lib/Ret 12.50   370.190954 SAL 661447 25/06/2015 1 12.50 25/06/2015 English Books Written off on approval by DLB (By Circulation); dtd 15-06-2023

© Delhi Public Library
Hit Counter
free hit counter